| 000 | 01144nam a2200325 i 4500 | ||
|---|---|---|---|
| 001 | 000030923 | ||
| 003 | DO-SdBNP | ||
| 005 | 20240415134550.0 | ||
| 007 | ta | ||
| 008 | 110607s2017 dr a 000 0 spa d | ||
| 020 | _a9789945586992 | ||
| 040 |
_aDO-SdBNP _bspa _cBNPHU _erda |
||
| 049 | _aBNPD | ||
| 082 | 4 |
_bR696n _222 |
|
| 100 | 1 |
_aRodríguez Demorizi, Emilio, _d1908-1986 _91039 _eautor |
|
| 245 | 1 | 0 |
_aRelatos biográficos de Francisco Alberto Henríquez Vásquez / _cinvestigador Pastor de la Rosa Ventura |
| 264 | 4 |
_aSanto Domingo : _bArchivo General de la Nación, _c2017. |
|
| 300 |
_a420 páginas _bilustraciones _c23 cm. |
||
| 336 |
_2rdacontent _atexto _btxt |
||
| 337 |
_2rdamedia _asin mediación _bn |
||
| 338 |
_2rdacarrier _avolumen _bnc |
||
| 490 | 1 |
_aArchivo General de la Nación _v286 |
|
| 500 | _aIncluye datos biográficos del autor en las solapas | ||
| 500 | _aIncluye referencias bibliográficas y notas al pie de las páginas | ||
| 504 | _aBibliografía : p. 235 | ||
| 590 | _aInventariado, 2021/BT | ||
| 700 |
_aPastor de la Rosa Ventura _979401 _einvestigador |
||
| 910 | _aBtavárez | ||
| 942 |
_2ddc _cLBS1 |
||
| 999 |
_c30415 _d30415 |
||